Cities by suburb: South Pacific - Statistics

General Stats
  • This quiz has been taken 16 times
  • The average score is 6 of 11
Answer Stats
Hint Answer % Correct
Mulivai, Vaigaga, Savalolo, Aai O Fiti Apia, Samoa
91%
Nasese, Tamavua, Laucala Bay, Domain Suva, Fiji
91%
Iririki Island, Ekasup, Montmartre, Tagabe Port Vila, Vanuatu
82%
Kakambona, Chinatown, Karaina, Lunga Point Honiara, Solomon Islands
73%
Gordon, Hohola North, Waigani, Boroko Port Moresby, PNG
73%
Tuband, Ducos, Numbo, Montravel, Magenta Noumea, New Caledonia
55%
Puke, Pea, Fanga 'O Pilolevu, Longolongo Nuku'alofa, Tonga
45%
Darrit, Uliga, Laura, Rairikku Majuro, Marshall Islands
36%
Butibam, Malahang, Bugandi, Voco Point Lae, PNG
27%
Atupa Heights, Motutoa, Puapuautu Avarua, Cook Islands
18%
Ipapao, Astumbo Garden, Oceanview, South Acres Dededo, Guam
18%
No matching quizzes found
Score Distribution
Percent of People with Each Score
Percentile by Number Answered
Your Score History
You have not taken this quiz